Statistics for NFL QB Interception Leaders from 1970 to 1989

Click here to take the quiz!

General Stats

  • This quiz has been taken 364 times
  • The average score is 10 of 22

Answer Stats

YearTeamIntPlayer% Correct
1989MIA22Dan Marino
90%
1970PIT24Terry Bradshaw
83%
1974NYJ22Joe Namath
80%
1975NYJ28Joe Namath
80%
1986HOU26Warren Moon
78%
1978MIN32Fran Tarkenton
75%
1989TAM22Vinny Testaverde
64%
1988TAM35Vinny Testaverde
64%
1981CLE25Brian Sipe
51%
1979CLE26Brian Sipe
51%
1984SEA24Dave Krieg
45%
1976SEA27Jim Zorn
40%
1985MIN26Tommy Kramer
33%
1972SDG26John Hadl
31%
1974NWE22Jim Plunkett
30%
1983GNB29Lynn Dickey
30%
1982BUF16Joe Ferguson
26%
1977BUF24Joe Ferguson
26%
1980NYJ30Richard Todd
23%
1973NYG22Norm Snead
7%
1987DET20Chuck Long
6%
1971BUF26Dennis Shaw
6%

Score Distribution

Percentile by Number Answered

Percent of People with Each Score

Your Score History

You have not taken this quiz